|
|
|
|
| LEADER |
00000nam#a22000001a#4500 |
| 001 |
00028220 |
| 003 |
AR-BaUAD |
| 005 |
20230908142043.0 |
| 008 |
000929s2000####sp#aeo|##||||||||#||spa|d |
| 020 |
|
|
|a 8425217717
|
| 040 |
|
|
|a AR-BaUAD
|b spa
|c AR-BaUAD
|
| 041 |
|
|
|a spa
|
| 044 |
|
|
|c es
|2 ISO3166-1
|
| 080 |
|
|
|a 72
|
| 080 |
|
|
|a 69
|
| 080 |
|
|
|a 728
|
| 080 |
|
|
|a 72.011
|
| 080 |
|
|
|a 72.011.2
|
| 080 |
|
|
|a 72.011.242
|
| 245 |
0 |
0 |
|a ATLAS de plantas :
|b viviendas /
|c editor, Friederike Schneider ; con una nueva introducción de Reinhard Gieselmann ; basado en los trabajos preliminares de Walter Meyer-Bohe ; asesores, Reinhard Gieselmann y Hellmuth Sting
|
| 250 |
|
|
|a 3a ed., revisada y ampliada
|
| 260 |
|
|
|a Barcelona :
|b G. Gili,
|c 2000
|
| 300 |
|
|
|a 295 p. :
|b il., axonom., fot., planos, plantas, vistas
|
| 500 |
|
|
|a Procedencia de las ilustraciones: p. 294.
|
| 500 |
|
|
|a Indice: p. 295.
|
| 700 |
1 |
|
|a Schneider, Friederike
|4 ed.
|
| 700 |
1 |
|
|a Gieselmann, Reinhard
|4 introd.
|
| 700 |
1 |
|
|a Meyer-Bohe, Walter
|
| 700 |
1 |
|
|a Gieselmann, Reinhard
|
| 700 |
1 |
|
|a Sting, Hellmuth
|
| 653 |
|
|
|a VIVIENDA
|
| 653 |
|
|
|a TIPOLOGIAS
|
| 653 |
|
|
|a VIVIENDAS UNIFAMILIARES
|
| 653 |
|
|
|a VIVIENDAS APAREADAS
|
| 653 |
|
|
|a VIVIENDAS EN HILERA
|
| 653 |
|
|
|a CONJUNTOS HABITACIONALES
|
| 653 |
|
|
|a CONSTRUCCION ATERRAZADA
|
| 655 |
|
|
|a TEXTO
|
| 852 |
|
|
|c 103-4
|
| 952 |
|
|
|0 0
|1 0
|4 0
|6 1034
|7 0
|9 36337
|a AR-BaUAD
|b AR-BaUAD
|d 0000-00-00
|e donac. CEADIG
|g 40.00
|i 28220
|l 0
|o 103-4
|p kru4o28220
|r 2023-09-08 14:20:43
|w 2023-09-08
|y BK
|
| 990 |
|
|
|a Ej. No 1 : 28220 . 25/09/2000 -- donac. CEADIG -- (40 pesos).
|b ADM
|
| 990 |
|
|
|a 33805
|b OS
|
| 990 |
|
|
|a AQ200
|b TD
|
| 990 |
|
|
|a 1970-1980
|b AC
|
| 990 |
|
|
|a AAQ00028220
|b CC
|
| 998 |
|
|
|a AAQ
|b Bibun 76
|
| 942 |
|
|
|c BK
|
| 999 |
|
|
|c 18018
|d 18018
|